000
00343nam a2200157Ia 4500
100
_a
Patel S.B
650
_a
Automobiles
942
_c
BK
654
_a
Nuclear physics
245
_a
Nuclear physics an introduction
260
_b
Wiley eastern
_a
New Delhi
_c
1992
082
_a
539
_b
PAT
300
_a
346
546
_a
ENGLISH
999
_c
35730
_d
35730